000 00312nam a22001337a 4500
008 170606b xxu||||| |||| 00| 0 eng d
020 _a9780307263636
041 _aeng
080 _a94
100 _a18
101 _aSHH
245 _aDEFEND THE REALM THE AUTHORIZED HISTORY
_cANDREW.CH
942 _2udc
_cBK
999 _c15996
_d15996